Analýza vývoje české ekonomiky v roce 2001 a výhled na rok 2002 a 2003

Napriek menej priaznivému vývoju ekonomík krajín Európskej únie pokračovala konjunktúra českej ekonomiky založená predovšetkým na vysokom raste domáceho investičného a spotrebiteľského dopytu. Rast priemyselnej výroby. Analýza inflácie. Inflácia a hospodárska politika. Energetická náročnosť produkci...

Descrizione completa

Salvato in:
Dettagli Bibliografici
Autore principale: Dufek, Petr
Altri autori: Václavík, Milan
Natura: Capitolo di libro
Lingua:ceco
Soggetti:
Tags: Aggiungi Tag
Nessun Tag, puoi essere il primo ad aggiungerne!!

MARC

LEADER 00000naa a2200000 4500
001 r045582
005 20231002112547.8
041 0 |a cze 
044 |a CZ 
245 1 0 |a Analýza vývoje české ekonomiky v roce 2001 a výhled na rok 2002 a 2003  |c Petr Dufek, Milan Václavík 
520 |a Napriek menej priaznivému vývoju ekonomík krajín Európskej únie pokračovala konjunktúra českej ekonomiky založená predovšetkým na vysokom raste domáceho investičného a spotrebiteľského dopytu. Rast priemyselnej výroby. Analýza inflácie. Inflácia a hospodárska politika. Energetická náročnosť produkcie. Situácia na trhu práce. Fiškálna politika. Menová politika. 
610 2 0 |a vývoj hospodársky 
610 2 0 |a rast hospodársky 
610 2 0 |a Česko 
610 2 0 |a prognózy 
610 2 0 |a analýzy 
610 2 0 |a ukazovatele makroekonomické 
610 2 0 |a inflácia 
610 2 0 |a trh práce 
610 2 0 |a produkt domáci hrubý 
100 1 |a Dufek, Petr 
700 1 |a Václavík, Milan